Fr. Conceicao Rodrigues College of Engineering

International Conference on computational intelligence and multimedia applications 2007 (Record no. 29688)

MARC details
000 -LEADER
fixed length control field 00375nam a2200145Ia 4500
082 ## - DEWEY DECIMAL CLASSIFICATION NUMBER
Classification number 004.35/ICC
Item number ICC
100 ## - MAIN ENTRY--PERSONAL NAME
Personal name Arivazhagan/S
245 ## - TITLE STATEMENT
Title International Conference on computational intelligence and multimedia applications 2007
260 ## - PUBLICATION, DISTRIBUTION, ETC.
Name of publisher, distributor, etc. IEEE Computer Society
Place of publication, distribution, etc. sivakasi
Date of publication, distribution, etc. 2007
300 ## - PHYSICAL DESCRIPTION
Extent 553
490 ## - SERIES STATEMENT
Volume/sequential designation 2
546 ## - LANGUAGE NOTE
Language note ENGLISH
942 ## - ADDED ENTRY ELEMENTS (KOHA)
Koha item type Reference Book
Holdings
Withdrawn status Lost status Damaged status Not for loan Collection Home library Current library Date acquired Source of acquisition Total Checkouts Full call number Barcode Date last seen Price effective from Koha item type
        CRC Fr. Agnel's C.Rodrigues College of Engineering Fr. Agnel's C.Rodrigues College of Engineering 17/03/2023 Mepco Schlenk Engg.College   004.35/ICC ICC 18493 17/03/2023   Reference Book
        CRC Fr. Agnel's C.Rodrigues College of Engineering Fr. Agnel's C.Rodrigues College of Engineering 17/03/2023 Mepco Schlenk Engg.College   004.35/ICC ICC 18494 17/03/2023   Reference Book
        CRC Fr. Agnel's C.Rodrigues College of Engineering Fr. Agnel's C.Rodrigues College of Engineering 17/03/2023 Mepco Schlenk Engg.College   004.35/ARI ARI 18495 17/03/2023   Reference Book